Fluid mechanics and fluid machines : basic concepts and principles (SI units)

Saved in:
Bibliographic Details
Main Author: KUMAR, Shiv
Format: Book
Language:English
Published: Ane Books 2019
Tags: Add Tag
No Tags, Be the first to tag this record!

MARC

LEADER 00000nam a22000007a 4500
008 240610b |||||||| |||| 00| 0 eng d
020 |a 9789389212143 
100 |a KUMAR, Shiv 
245 |a Fluid mechanics and fluid machines  |b : basic concepts and principles (SI units)  |c Shiv Kumar  |g xxx, 520p., ill 
260 |b Ane Books  |c 2019  |h New Delhi  |i 701449  |i 701450  |l QA901.K96  |m Fluids mechanics 
500 |a It includes index 
942 |a lcc  |c BK  |e Adeyemo O.O  |f 10/06/2024 
952 |0 0  |1 0  |2 lcc  |4 0  |6 QA0901 K96  |7 0  |9 5285  |a SL  |b HOL  |c QZ  |d 2024-06-10  |l 0  |o QA901.K96  |p 2024-0528  |r 2024-06-10 00:00:00  |t 701449  |w 2024-06-10  |y BK 
952 |0 0  |1 0  |2 lcc  |4 0  |6 QA0901 K96  |7 0  |9 5286  |a HOL  |b HOL  |c QZ  |d 2024-06-10  |l 0  |o QA901.K96  |p 2024-0529  |r 2024-06-10 00:00:00  |t 701450  |w 2024-06-10  |y BK 
999 |c 2619  |d 2619